01364cam a22003497a 4500003000500000005001700005008004100022010000900063011000900072035000900081040000900090090001000099100003900109245012700148260004000275300002700315502008100342590003700423590004100460590004100501590004100542590004200583650005900625650006300684650003100747650003600778901000700814942001000821949004100831999001500872952012700887CHAP20220329133114.0971013s1990 r 00010 d a2199 a3171 a2371 cCHAP aTesis00aRamírez Santiago, Carlos.994264 0aAnálisis financiero de cambio de uso del suelo en un predio del municipio de San Felipe del Progreso, Estado de México aChapingo, Méx. :bEl Autor,c1990 a70 h.b: ilus. ; mapas aTesis (Ing. Agr. Esp. en Bosques) -- UACH. División de Ciencias Forestales aALEPHb10c20130110lUCH01h1212 aBATCH-UPDb10c20130110lUCH01h1728 aBATCH-UPDb10c20130410lUCH01h1110 aBATCH-UPDb10c20130914lUCH01h0705 aCONVERSIONb10c20130109lUCH01h130214aBosquesxAspectos económicosxMéxico (Edo.)91407714aGanaderíaxAspectos económicosxMéxico (Edo.)94463814aSuelos forestales.911054814aTierrasxUtilización.9113219 aBK cTESIS bBCcTESd-11871eTS1h24007i2371si c2199d2199 00102local4051708TESISaBCbBCcPA_TESISd2019-12-31fTESISl0oTesisp-11871r2019-12-31 00:00:00w2019-12-31yTESIS